000 00283nam a22001097a 4500
999 _c161338
_d161338
082 _a
_b
100 _aPadmavadi S K
245 _aDhinakar:
_bvyakthithan avam krithithau/
_cby Padmavadi S K.
260 _aNew Delhi:
_bJawaharlal Nehru Memorial Fund,
_c
650 _a
942 _cBK